Sensación y percepción visuales
Spremljeno u:
| Glavni autor: | |
|---|---|
| Format: | Knjiga |
| Jezik: | španjolski |
| Izdano: |
Ciudad de México
Trillas
1973
|
| Serija: | Temas de Psicología, 1
|
| Teme: | |
| Oznake: |
Dodaj oznaku
Bez oznaka, Budi prvi tko označuje ovaj zapis!
|
MARC
| LEADER | 00000nam a2200000 a 4500 | ||
|---|---|---|---|
| 001 | UCT1401 | ||
| 003 | CL-VaPUC | ||
| 008 | 960927e19730000MX |||||||||||||||||spa|d | ||
| 082 | 0 | 4 | |a 152.1 |b COH |2 21 |
| 100 | 0 | |a Cohen, Jozef |e author |9 370256 | |
| 245 | 1 | 0 | |a Sensación y percepción visuales |
| 300 | |a 99 p | ||
| 942 | |c BK | ||
| 945 | |d 19960927 00:00:00 |a cmena | ||
| 260 | |a Ciudad de México |b Trillas |c 1973 | ||
| 650 | 0 | |a Percepción |9 266750 | |
| 650 | 0 | |a Actividades sensoriomotrices |9 335908 | |
| 650 | 7 | |a ESTIMULO |2 CL-VaPUC |9 334622 | |
| 650 | 7 | |a RESPUESTA |2 CL-VaPUC |9 335648 | |
| 650 | 7 | |a SENSACION |2 CL-VaPUC |9 334611 | |
| 650 | 0 | |a Percepción visual |9 267039 | |
| 650 | 7 | |a PSICOLOGIA DE LOS PROCESOS SENSORIALES |2 CL-VaPUC |9 370257 | |
| 583 | |a last modification |c 19960927 00:00:00 |k Rodrigo Vera | ||
| 490 | 0 | |a Temas de Psicología, 1 | |
| 999 | |c 251933 |d 251931 | ||